000 00627nam a22001937a 4500
999 _c168433
_d168433
005 20191009130004.0
010 _aENG-126620
020 _a9789353283780
_c850.00
035 _aEN-110152
037 _bDBAD/PUB
082 _a371.2
100 _aMythili, N.
245 _aWomen in school leadership /
_cby Ophelie Wiel
260 _aNew Delhi
_bSAGE Publications
270 _aB1/1-1, Mohan Cooperative Industrial Area
_bMathura Road, Post Bag 7
_e110044
_mmarketing@sagepub.in
300 _aix,234p.
_c22cm(Hb)
500 _aIncludes bibliographical references and index
942 _2ddc
_cEN
_h371.2
_mMYT